LEADER 01011nam0 22002651i 450 001 UON00191542 005 20231205103216.988 010 $a90-533-3098-4 100 $a20030730d1992 |0itac50 ba 101 $adut 102 $aNL 105 $a||||0 ||||| 200 1 $aˆDe ‰Draagbare$fTer Braak$gsamengesteld en ingeleid door Eep Francken 210 $aAmsterdam$cPrometheus$d1992. 297 p.$cill. ; 20 cm 316 $aDono. Governo Olandese$5IT-UONSI OlandIXBRA Dra 620 $aNL$dAmsterdam$3UONL001817 700 1$aBRAAK$bTer$3UONV112761$0677709 702 1$aFRANCKEN$bEep$3UONV112762 712 $aPrometheus$3UONV261019$4650 801 $aIT$bSOL$c20240220$gRICA 899 $aSIBA - SISTEMA BIBLIOTECARIO DI ATENEO$2UONSI 912 $aUON00191542 950 $aSIBA - SISTEMA BIBLIOTECARIO DI ATENEO$dSI Oland IX BRA Dra $eSI LO 57464 5 Dono. Governo Olandese 996 $aDraagbare$91293764 997 $aUNIOR